00240nam a22000857a 4500082000800000100003400008245007400042260002900116300000900145 aTNC aKhaitan, Sachitananda Vandana aWho am i ? :bA scientific spiritualcby Sachitananda Vandana Khaitan aDelhibVande Krsnac2012 a52p.